[Event "BL2-West 2122"]
[Site "Germany"]
[Date "2022.06.19"]
[Round "8.5"]
[White "Ronge, Tim Hendrick"]
[Black "Krueger, Simon"]
[Result "0-1"]
[WhiteElo "2245"]
[BlackElo "1994"]
[PlyCount "70"]
[EventDate "2022.03.05"]
[EventType "team-tourn"]
[EventRounds "10"]
[EventCountry "GER"]
[SourceTitle "EXT 2023"]
[Source "ChessBase"]
[SourceDate "2022.10.05"]
[SourceVersion "1"]
[SourceVersionDate "2022.10.05"]
[SourceQuality "1"]
[WhiteTeam "Heimbach Weis/Neuwied"]
[BlackTeam "Dortmund Hansa"]
[WhiteTeamCountry "GER"]
[BlackTeamCountry "GER"]

1. e4 c5 2. Nf3 Nc6 3. Bb5 g6 4. 0-0 Bg7 5. c3 e5 6. d4 exd4 7. cxd4 Nxd4 8. Nxd4 cxd4 9. e5 Ne7 10. Qxd4 0-0 11. Re1 a6 12. Ba4 Nc6 13. Bxc6 dxc6 14. Qc5 Re8 15. Nc3 Bf5 16. Bf4 Qe7 17. Qe3 f6 18. Re2 fxe5 19. Rae1 Qf8 20. Bg5 h6 21. Bh4 Kh7 22. Qb6 Qf7 23. h3 Rac8 24. g4 Bd3 25. Re3 e4 26. Nxe4 Bxe4 27. Rxe4 Rxe4 28. Rxe4 Rc7 29. b3 Rd7 30. Qe3 Qd5 31. Bg3 Rf7 32. Re8 c5 33. Rc8 Rf3 34. Qe7 Rd3 35. f4 Rxg3+ 0-1

[Event "Ruhrgebiet Regionalliga 1819"]
[Site "Nordrheinwestfalen"]
[Date "2018.09.02"]
[Round "1.8"]
[White "Krueger, Simon"]
[Black "Georg, Heinz"]
[Result "1-0"]
[WhiteElo "1987"]
[BlackElo "2071"]
[PlyCount "85"]
[EventDate "2018.09.02"]
[EventType "team-tourn"]
[EventRounds "11"]
[EventCountry "GER"]
[SourceTitle "EXT 2022"]
[Source "ChessBase"]
[SourceDate "2021.10.06"]
[SourceVersion "1"]
[SourceVersionDate "2021.10.06"]
[SourceQuality "1"]
[WhiteTeam "Dortmund Hansa II"]
[BlackTeam "Kamen SV"]
[WhiteTeamCountry "GER"]
[BlackTeamCountry "GER"]

1. d4 f5 2. Nf3 Nf6 3. Bf4 e6 4. Nbd2 Be7 5. h3 b6 6. e3 Bb7 7. Bd3 d6 8. c3 Ne4 9. 0-0 0-0 10. Qc2 Nxd2 11. Nxd2 Bf6 12. Qb3 Qe8 13. Bxf5 Bd5 14. c4 Bb7 15. Bg4 e5 16. dxe5 dxe5 17. Bg3 c5 18. Qc2 Nc6 19. a3 Kh8 20. Ne4 Qg6 21. Bf3 Be7 22. Rad1 h5 23. Kh1 h4 24. Bh2 Rxf3 25. gxf3 Qf5 26. Qe2 Rf8 27. Nd2 Qxh3 28. Rg1 Rd8 29. e4 Nd4 30. Qf1 Qe6 31. Qg2 Bf6 32. Qg6 Ne2 33. Rg4 Qd7 34. Qh5+ Kg8 35. Bxe5 Bxe5 36. Qxe5 Rf8 37. Kh2 Rf7 38. b3 Bc8 39. Rxh4 Nd4 40. Qh5 Kf8 41. Qd5 Qc7+ 42. e5 Rd7 43. Rf4+ 1-0

[Event "Ruhrgebiet Regionalliga 1718"]
[Site "Germany"]
[Date "2018.03.04"]
[Round "7.4"]
[White "Pruess, Wilfried"]
[Black "Krueger, Simon"]
[Result "1-0"]
[WhiteElo "2052"]
[BlackElo "1966"]
[PlyCount "103"]
[EventDate "2017.10.01"]
[EventType "team-tourn"]
[EventRounds "9"]
[EventCountry "GER"]
[SourceTitle "EXT 2022"]
[Source "ChessBase"]
[SourceDate "2021.10.06"]
[SourceVersion "1"]
[SourceVersionDate "2021.10.06"]
[SourceQuality "1"]
[WhiteTeam "Hamm Koenigsspringer"]
[BlackTeam "Dortmund Hansa II"]
[WhiteTeamCountry "GER"]
[BlackTeamCountry "GER"]

1. c4 Nf6 2. g3 c5 3. Bg2 Nc6 4. Nc3 g6 5. Nf3 Bg7 6. d4 d6 7. 0-0 0-0 8. d5 Nb8 9. h3 Nbd7 10. e4 a6 11. a4 Ne5 12. Nxe5 dxe5 13. f4 Ne8 14. Qe2 Qd6 15. f5 Bd7 16. g4 Rb8 17. Be3 Nc7 18. Qf2 b6 19. a5 Na8 20. axb6 Qxb6 21. Bxc5 Qxb2 22. Qxb2 Rxb2 23. Bxe7 Rc8 24. c5 Bh6 25. g5 Rc2 26. Rac1 Rxc1 27. Rxc1 Bf8 28. Bxf8 Kxf8 29. c6 Bxc6 30. dxc6 Rxc6 31. Na2 Rxc1+ 32. Nxc1 f6 33. fxg6 hxg6 34. gxf6 Kf7 35. Nb3 Kxf6 36. Kf2 Nc7 37. Bf1 Kg5 38. Kg3 Kf6 39. Bc4 Kg5 40. h4+ Kh6 41. Nc5 g5 42. hxg5+ Kg6 43. Kg4 a5 44. Nd7 a4 45. Nxe5+ Kg7 46. Nc6 a3 47. e5 Nb5 48. e6 Nc7 49. e7 Ne8 50. Ba2 Kh8 51. Ne5 Kg7 52. Nd7 1-0

[Event "Ruhrgebiet Regionalliga 1718"]
[Site "Germany"]
[Date "2018.02.11"]
[Round "6.7"]
[White "Schaller, Torsten"]
[Black "Krueger, Simon"]
[Result "0-1"]
[WhiteElo "1972"]
[BlackElo "1966"]
[PlyCount "118"]
[EventDate "2017.10.01"]
[EventType "team-tourn"]
[EventRounds "9"]
[EventCountry "GER"]
[SourceTitle "EXT 2022"]
[Source "ChessBase"]
[SourceDate "2021.10.06"]
[SourceVersion "1"]
[SourceVersionDate "2021.10.06"]
[SourceQuality "1"]
[WhiteTeam "Welper SV"]
[BlackTeam "Dortmund Hansa II"]
[WhiteTeamCountry "GER"]
[BlackTeamCountry "GER"]

1. e4 e6 2. d4 d5 3. Nc3 Nf6 4. e5 Nfd7 5. f4 c5 6. Nf3 Nc6 7. Be3 cxd4 8. Nxd4 Bb4 9. a3 Bxc3+ 10. bxc3 Qa5 11. Bd2 Qc5 12. Nb3 Qe7 13. Bd3 Nc5 14. 0-0 Bd7 15. Be3 b6 16. Qf3 Nxd3 17. cxd3 0-0 18. a4 Rfc8 19. g4 Rc7 20. Qg3 Rac8 21. f5 d4 22. Nxd4 Nxd4 23. Bxd4 Rxc3 24. Bxc3 Rxc3 25. Qe3 exf5 26. Qd4 Rc6 27. Rf3 fxg4 28. Rf2 Rc5 29. Re1 h5 30. Qf4 h4 31. Rfe2 Ra5 32. Re4 Bc6 33. Rc4 Qe6 34. Rec1 Bb7 35. Rc7 Qd5 36. Qe4 Qxe4 37. dxe4 Bxe4 38. R1c4 Bf5 39. Rd4 g5 40. Re7 Be6 41. Re4 Kg7 42. Kf2 Kg6 43. Rb4 Kf5 44. Rc7 Kxe5 45. Rb5+ Rxb5 46. axb5 Kd6 47. Rxa7 Kc5 48. Ra8 Kxb5 49. Rg8 Kc4 50. Ke3 b5 51. Kd2 b4 52. Kc2 Bf5+ 53. Kb2 Bg6 54. Rc8+ Kd3 55. Re8 Be4 56. Rg8 g3 57. hxg3 hxg3 58. Rxg5 g2 59. Rg4 f5 0-1

[Event "Ruhrgebiet Regionalliga 1718"]
[Site "Germany"]
[Date "2017.10.01"]
[Round "1.7"]
[White "Kantor, Daniel"]
[Black "Krueger, Simon"]
[Result "1/2-1/2"]
[WhiteElo "1857"]
[BlackElo "1966"]
[PlyCount "121"]
[EventDate "2017.10.01"]
[EventType "team-tourn"]
[EventRounds "9"]
[EventCountry "GER"]
[SourceTitle "EXT 2022"]
[Source "ChessBase"]
[SourceDate "2021.10.06"]
[SourceVersion "1"]
[SourceVersionDate "2021.10.06"]
[SourceQuality "1"]
[WhiteTeam "Dortmund SV"]
[BlackTeam "Dortmund Hansa II"]
[WhiteTeamCountry "GER"]
[BlackTeamCountry "GER"]

1. e4 e6 2. d4 d5 3. exd5 exd5 4. Nf3 Be7 5. Bd3 Bg4 6. Bf4 Nf6 7. Nbd2 0-0 8. 0-0 c6 9. c3 Bh5 10. Qb3 Qb6 11. Qxb6 axb6 12. Rfe1 Re8 13. Nh4 Bf8 14. Rxe8 Nxe8 15. Re1 Nd7 16. a3 Ndf6 17. Nf5 Bg6 18. Nf3 Bxf5 19. Bxf5 Nd6 20. Bd3 Nc4 21. Re2 Ne8 22. Ne5 b5 23. Nxc4 bxc4 24. Bc2 g6 25. f3 f6 26. h3 Kf7 27. Kf2 Ng7 28. g4 Ra6 29. h4 Rb6 30. Bc7 Ra6 31. Bf4 Ne6 32. Bc1 c5 33. dxc5 Bxc5+ 34. Be3 d4 35. cxd4 Bxd4 36. Bxd4 Nxd4 37. Rd2 Nxc2 38. Rxc2 b5 39. Ke3 Ke6 40. Kd4 Kd6 41. Re2 Ra8 42. f4 Rc8 43. f5 c3 44. Re6+ Kd7 45. bxc3 Rc4+ 46. Kd5 Rxg4 47. Rxf6 Rxh4 48. fxg6 hxg6 49. Rxg6 Rc4 50. Rg7+ Kc8 51. Rg3 Kc7 52. a4 Kb6 53. axb5 Rc5+ 54. Kd4 Kxb5 55. Rg1 Rc4+ 56. Kd3 Rh4 57. Rg5+ Kc6 58. Kc2 Rh2+ 59. Kb3 Rh4 60. c4 Rh1 61. Kc3 1/2-1/2

[Event "Ruhrgebiet Verbandsliga Gruppe 1 1516"]
[Site "Germany"]
[Date "2015.11.08"]
[Round "3.6"]
[White "Wichtrup, Jan Louis"]
[Black "Krueger, Simon"]
[Result "1/2-1/2"]
[WhiteElo "1772"]
[BlackElo "1951"]
[PlyCount "35"]
[EventDate "2015.09.06"]
[EventType "team-tourn"]
[EventRounds "9"]
[EventCountry "GER"]
[SourceTitle "EXT 2022"]
[Source "ChessBase"]
[SourceDate "2021.10.06"]
[SourceVersion "1"]
[SourceVersionDate "2021.10.06"]
[SourceQuality "1"]
[WhiteTeam "Dortmund SV"]
[BlackTeam "Dortmund Hansa III"]
[WhiteTeamCountry "GER"]
[BlackTeamCountry "GER"]

1. d4 Nf6 2. c4 c5 3. Nf3 g6 4. g3 Bg7 5. Bg2 0-0 6. 0-0 cxd4 7. Nxd4 Nc6 8. Nc3 Ng4 9. e3 Nge5 10. b3 d6 11. Bb2 Bg4 12. f3 Bd7 13. Qd2 Rc8 14. Rad1 Re8 15. Rfe1 a6 16. f4 Ng4 17. h3 Nf6 18. Kh2 1/2-1/2

[Event "Ruhrgebiet Verbandsklasse Gruppe 1 1415"]
[Site "Germany"]
[Date "2015.01.18"]
[Round "5"]
[White "Sehrbrock, Christoph"]
[Black "Krueger, Simon"]
[Result "0-1"]
[WhiteElo "1826"]
[BlackElo "1951"]
[PlyCount "151"]
[EventDate "2014.09.21"]
[EventType "team-tourn"]
[EventRounds "9"]
[EventCountry "GER"]
[SourceTitle "EXT 2022"]
[Source "ChessBase"]
[SourceDate "2021.10.06"]
[SourceVersion "1"]
[SourceVersionDate "2021.10.06"]
[SourceQuality "1"]
[WhiteTeam "Waltrop SV"]
[BlackTeam "Dortmund Hansa III"]
[WhiteTeamCountry "GER"]
[BlackTeamCountry "GER"]

1. e4 c6 2. d4 g6 3. Nc3 Bg7 4. Bc4 d6 5. Nf3 Nf6 6. 0-0 0-0 7. h3 d5 8. exd5 cxd5 9. Bb3 Nc6 10. Re1 Na5 11. Bf4 a6 12. Qe2 Re8 13. Bg5 Be6 14. Ne5 Rc8 15. Nd3 Nxb3 16. axb3 Ne4 17. Nxe4 dxe4 18. Qxe4 Bd5 19. Qe2 Bxd4 20. Rad1 Qb6 21. c4 Bc6 22. Qg4 Rc7 23. b4 Bd7 24. Qh4 Rxc4 25. Be3 Bxe3 26. Qxc4 Bb5 27. Qh4 Bd4 28. Re4 Bf6 29. Qf4 Rd8 30. Re3 Bd4 31. Rf3 f5 32. Kh1 Qf6 33. Nc5 e5 34. Qd2 Bc6 35. Ra3 Be4 36. Nxe4 fxe4 37. Re3 Rf8 38. Rxe4 Qxf2 39. Re2 Qf5 40. Qd3 Qxd3 41. Rxd3 Rc8 42. b3 Kf7 43. Re4 Kf6 44. Kh2 Rd8 45. Rf3+ Ke6 46. Kg3 Rd7 47. Re2 Kd5 48. Rd3 Rd6 49. Rc2 Rd7 50. Rd1 Ke6 51. Rf1 Be3 52. Rf3 Bb6 53. Rc4 h5 54. Rf8 Rd3+ 55. Rf3 Rd6 56. Rf8 Be3 57. Re8+ Kd5 58. Re7 b5 59. Rc2 Ke4 60. Rec7 g5 61. R7c3 Bd2 62. Rc6 Rd3+ 63. Kf2 Be3+ 64. Ke2 Bd4 65. Rxa6 Rxb3 66. Rh6 h4 67. Rf6 Rxb4 68. Rf3 Rb1 69. g3 b4 70. gxh4 gxh4 71. Rf1 Rxf1 72. Kxf1 Kd3 73. Re2 b3 74. Ke1 Bc3+ 75. Kf2 b2 76. Re3+ 0-1